El mundo del trabajo en la escuela: la producción de significados en los campos curriculares

Guardat en:
Dades bibliogràfiques
Autor principal: Grinberg, Silvia Mariela (Autor)
Format: Llibre
Idioma:espanyol
Publicat: Buenos Aires Jorge Baudino 2003
Buenos Aires Universidad Nacional de San Martín 2003
Edició:1a. ed
Col·lecció:Cuadernos de Cátedra
Matèries:
Etiquetes: Afegir etiqueta
Sense etiquetes, Sigues el primer a etiquetar aquest registre!

MARC

LEADER 00000nam a2200000 a 4500
001 UCI9517
003 CL-VaPUC
008 081120e20030000ag |||||||||||||||||spa|d
020 |a 9879020286 
082 0 4 |a 306.43  |b GRI  |2 21 
100 0 |a Grinberg, Silvia Mariela  |e author  |9 533327 
245 1 3 |a El mundo del trabajo en la escuela: la producción de significados en los campos curriculares 
250 |a 1a. ed 
300 |a 261 p 
942 |c BK 
945 |d 20081120 00:00:00  |a jtorresc 
260 |a Buenos Aires  |b Jorge Baudino  |c 2003 
260 |a Buenos Aires  |b Universidad Nacional de San Martín  |c 2003 
650 0 |a Sociología de la educación   |9 260380 
650 7 |a TRABAJO ESCOLAR  |2 CL-VaPUC  |9 465521 
650 7 |a DESARROLLO EDUCACIONAL  |2 CL-VaPUC  |9 338398 
583 |a last modification  |c 20171116 02:33:04  |k Rodrigo Vera 
490 0 |a Cuadernos de Cátedra 
999 |c 332041  |d 332039 
952 |0 0  |1 0  |4 0  |6 306_430000000000000_GRI_2003_2003  |7 0  |8 A  |9 419388  |a BIBEDU  |b BIBEDU  |d 2019-11-22  |i 4497139  |l 2  |o 306.43 GRI 2003 2003  |p 4497139  |r 2022-07-14  |s 2022-07-14  |w 2019-11-22  |y BK  |k EPE